000 01303nam a22003737a 4500
003 CHAP
005 20220817044232.0
008 101209s2007 it a r 00010 fre d
010 _a95354
011 _a96326
035 _a106976
040 _cCHAP
082 0 4 _a664.3
_bF21f
110 0 _aFAO
245 1 0 _aÉtablissement de ctitères relatifs aux cargaisons précédentes acceptables pour les graisses et huiles
_c/por FAO
260 _aRome :
_bFAO : WHO,
_c2007
300 _axiii, 73 p. :
_btablas
490 _aFAO. Informe técnico
500 _aRapport d'une réunion technique conjointe FAO/OMS Bilthoven, Pays-Bas 79-9 novembre 2006
590 _aBATCH-UPD
_b10
_c20130110
_lUCH01
_h1223
590 _aBATCH-UPD
_b10
_c20130410
_lUCH01
_h0756
590 _aBATCH-UPD
_b10
_c20130914
_lUCH01
_h0215
590 _aBATCH-UPD
_b10
_c20130914
_lUCH01
_h2051
590 _aCONVERSION
_b10
_c20130109
_lUCH01
_h1353
650 1 4 _aAlimentos
_xContaminación.
_94205
650 1 4 _aAlimentos
_xPreservación.
_94266
650 1 4 _aControl de plagas.
_927595
650 1 4 _aGrasas y aceites.
650 1 4 _aTransporte maritimo.
_9114642
830 0 _aFAO. Informe técnico
_939596
901 _aBK
942 _cLIBRO
949 _a664.3 F21f
_bBC
_cFAO
_d33724002098215
_eFAO1
_gDonaciØn
_h113884
_i106976
_sb
999 _c95354
_d95354